000 00793nam a2200253 i 4500
001 C2-0316340
003 PPAK
005 20180728112331.0
008 120723s nyua|||| ||||| | eng d
020 _a9781584799085
040 _aPPAK
_beng
_cPPAK
_erda
082 0 4 _a796.3420942
_223
090 0 0 _a796.3420942
_bGRE
_dR
100 1 _aGreen, David,
_eauthor
245 1 0 _aWimbledon :
_b101 reasons to love the greatest tournament in tennis
264 1 _aNew York :
_bStewart Tabori & Chang ,
300 _a101 pages :
_bcolour illustrations ;
_c20 cm
336 _2rdacontent
_atext
337 _2rdamedia
_aunmediated
338 _2rdacarrier
_avolume
650 1 0 _aWimbledon championships miscellanea.
700 1 _aStratton, Ann ; Levesque, Jennifer,
_eeditor
942 _ddc
_cB
999 _c117476
_d117476